Plan gerontológico
Tallennettuna:
| Yhteisötekijä: | |
|---|---|
| Aineistotyyppi: | Kirja |
| Kieli: | espanja |
| Julkaistu: |
Madrid
Ministerio de Trabajo y Asuntos Sociales
1993
|
| Painos: | 1a. ed |
| Aiheet: | |
| Tagit: |
Lisää tagi
Ei tageja, Lisää ensimmäinen tagi!
|
MARC
| LEADER | 00000nam a2200000 a 4500 | ||
|---|---|---|---|
| 001 | UCH9700 | ||
| 003 | CL-VaPUC | ||
| 008 | 100121e19930000SP |||||||||||||||||spa|d | ||
| 020 | |a 848685234X | ||
| 082 | 0 | 4 | |a 362.604 |b MIN |2 21 |
| 110 | 2 | |a Ministerio de Trabajo y Asuntos Sociales |e author |9 546966 | |
| 245 | 1 | 0 | |a Plan gerontológico |
| 250 | |a 1a. ed | ||
| 300 | |a 151 p | ||
| 942 | |c BK | ||
| 945 | |d 20100121 00:00:00 |a rbrito | ||
| 260 | |a Madrid |b Ministerio de Trabajo y Asuntos Sociales |c 1993 | ||
| 650 | 7 | |a GERENTOLOGIA |2 CL-VaPUC |9 432794 | |
| 650 | 0 | |a Adulto mayor |9 311317 | |
| 650 | 7 | |a PENSIONES |2 CL-VaPUC |9 323807 | |
| 650 | 0 | |a Seguridad social |9 255322 | |
| 650 | 0 | |a Salud |9 258663 | |
| 650 | 0 | |a Políticas sociales |9 358116 | |
| 650 | 0 | |a Educación de adultos |9 307580 | |
| 583 | |a last modification |c 20100121 00:00:00 |k Rodrigo Vera | ||
| 999 | |c 339616 |d 339614 | ||
| 952 | |0 0 |1 0 |4 0 |6 362_604000000000000_MIN_1993 |7 0 |8 A |9 433346 |a BIBEDU |b BIBEDU |d 2019-11-22 |i 4633113 |o 362.604 MIN 1993 |p 4633113 |r 2019-11-22 |w 2019-11-22 |y BK |k EPE | ||